|
|
|
|
| LEADER |
00000nam a22000007a 4500 |
| 005 |
20130308095411.0 |
| 007 |
cr|||| |||| |
| 008 |
130308e2011 mx |||||s|||| 00||0 spa d |
| 020 |
|
|
|a 978-607-00-4467-0
|
| 035 |
|
|
|a 7382
|
| 040 |
|
|
|a vLex
|
| 090 |
|
|
|c 3864
|d 3864
|
| 100 |
1 |
0 |
|a Jur̀ez Cacho, Angel
|
| 245 |
1 |
4 |
|a Los 8 Pasos para las Decisiones Efectivas del Buen Abogado
|c / Angel Jur̀ez Cacho
|h [Recurso electrn̤ico]
|
| 256 |
|
|
|a Servicio en ln̕ea
|
| 260 |
|
|
|a Coyoacǹ :
|b Ral︢ Jur̀ez Carro Editorial,
|c 2011
|
| 300 |
|
|
|a 1 Recurso electrn̤ico
|
| 506 |
|
|
|d vLex Global
|d vLex Global (Academic Edition, excluding Law Schools)
|d vLex Global (U.S. Academic Edition, Law Schools)
|d vLex Global (U.S. Academic Edition, excluding Law Schools)
|d vLex Global (Academic Edition, Law Schools)
|
| 650 |
0 |
4 |
|a Abogados
|z Mx̌ico
|
| 650 |
0 |
4 |
|a Prc̀tica judicial
|z Mx̌ico
|
| 740 |
|
|
|a vLex Libros (Servicio en ln̕ea)
|
| 856 |
|
|
|a Acceso restringido
|u http://www.vlex.com/source/7382
|
| 942 |
|
|
|c BOOK
|
| 999 |
|
0 |
|a Lawyer
|